000 00406nam a2200157Ia 4500
008 210716s2011 xx 000 0 und d
020 _a9780230639966
041 _aeng
082 _a331.8 SENR
100 _aSen, Ratna.
245 _aIndustrial relations: text and cases.
_bText and cases.
250 _a2
260 _aNew Delhi
_bMacmillan
_c2011
300 _ax,574
650 _aIndustrial Relations
999 _c208066
_d208066